The two-dimensional Riemann problem in gas dynamics
Αποθηκεύτηκε σε:
| Κύριος συγγραφέας: | |
|---|---|
| Άλλοι συγγραφείς: | , |
| Μορφή: | Βιβλίο |
| Γλώσσα: | English |
| Δημοσίευση: |
Harlow :
Longman,
1998
|
| Σειρά: | Pitman monographs and surveys in pure and applied mathematics ;
; 98 |
| Θέματα: | |
| Ετικέτες: |
Προσθήκη ετικέτας
Δεν υπάρχουν, Καταχωρήστε ετικέτα πρώτοι!
|
MARC
| LEADER | 00000nam a2200000 i 4500 | ||
|---|---|---|---|
| 001 | 1/105769 | ||
| 008 | 000328s1998 eng d | ||
| 020 | |a 0-582-24408-0 | ||
| 035 | |l 10059379 | ||
| 040 | |a GR-MY-UA |b gre |e aacr | ||
| 041 | 0 | |a eng | |
| 082 | 0 | |a 533.20151 | |
| 100 | 0 | |a Li, Jiequan. | |
| 245 | 1 | 4 | |a The two-dimensional Riemann problem in gas dynamics / |c Jiequan Li, Tong Zhang and Shuli Yang |
| 260 | |a Harlow : |b Longman, |c 1998 | ||
| 300 | |a x, 300 p.; |b ill.; |c 25 cm. | ||
| 490 | 1 | |a Pitman monographs and surveys in pure and applied mathematics |v ; 98 | |
| 504 | |a Includes bibliographical references and index | ||
| 650 | 0 | 0 | |a Gas dynamics |x Mathematics. |
| 650 | 0 | 0 | |a Riemann-Hilbert problems. |
| 650 | 0 | 0 | |a Conservation laws (Mathematics) |
| 650 | 0 | 0 | |a Lagrange equations |x Numerical solutions. |
| 650 | 0 | 0 | |a Finite differences. |
| 700 | 1 | |a Zhang, Tong |d 1932- | |
| 700 | 1 | |a Yang, Shuli. | |
| 830 | 0 | |a Pitman monographs and surveys in pure and applied mathematics ; |v ; 98 | |
| 852 | |a INST |b SAMOS |e 20000328 |h 533.20151 LIJ |p 005300017844 |q 005300017844 |t BK |y 0 | ||
| 901 | |a BIBL3-2000-1 | ||
| 909 | |a Σ |b 076899 | ||
| 922 | |a 3ΕΛΗ |b 200003 |c ΤΜΗΜΑ ΜΑΘΗΜΑΤΙΚΩΝ |d ΠΑΠΑΣΩΤΗΡΙΟΥ | ||
| 950 | |a 116-2000-01-19 | ||
| 970 | |a ΚΟΣΙΕΡΗΣ |b ΧΡΗΣΤΟΣ |z 2000/03/29 | ||